twice albums by b-sides - Statistics

General Stats
  • This quiz has been taken 42 times
  • The average score is 7 of 8
Answer Stats
Question Answer % Correct
PONYTAIL | NEXT PAGE | One In A Million TWICECOASTER: LANE 1
100%
Touchdown | Woohoo | My Headphones 씨 (My Headphones On) PAGE TWO
97%
Beyond The Horizon | LOVE WARNING | Peach Soda DIVE
94%
21:29 | GET LOUD | TRICK IT Feel Special
92%
Good At Love | Fanfare | PROMISE Perfect World
92%
LALALA | SAY YOU LOVE ME | SUNSET YES OR YES
92%
HO! | DEJAVU | SWEET TALKER What Is Love?
81%
STAY BY MY SIDE | Be as ONE | Say it again BDZ
67%
No matching quizzes found
Score Distribution
Percent of People with Each Score
Percentile by Number Answered
Your Score History
You have not taken this quiz